Successful grants proposals in science, technology, and medicine a guide to writing the narrative
Gardado en:
| Autor Principal: | |
|---|---|
| Formato: | Libro |
| Idioma: | inglés |
| Publicado: |
Cambridge University Press
2019
|
| Tags: |
Engadir etiqueta
Sen Etiquetas, Sexa o primeiro en etiquetar este rexistro!
|
MARC
| LEADER | 00000nam a22000007a 4500 | ||
|---|---|---|---|
| 008 | 211015b ||||| |||| 00| 0 eng d | ||
| 020 | |a 978-1-107-65930-8 | ||
| 100 | |a OSTER, Sandra. | ||
| 245 | |a Successful grants proposals in science, technology, and medicine |b a guide to writing the narrative |c Sandra Oster, and Paul Cordo |g xii, 378p. : ill.; | ||
| 260 | |b Cambridge University Press |c 2019 |h United Kingdom |i 696416 |i 696417 |l T11. O8 |m Technical writing |m Proposal writing for grants | ||
| 500 | |a " It include index" | ||
| 942 | |a lcc |c BK |e Mr. Yunusa, A. A. |f 15/10/2021 | ||
| 952 | |0 0 |1 0 |2 lcc |4 0 |6 T0011 O8 |7 0 |9 3631 |a HOL |b HOL |c QZ |d 2021-10-15 |l 0 |o T11. O8 |p 2021-67367 |r 2021-10-15 00:00:00 |w 2021-10-15 |y BK | ||
| 952 | |0 0 |1 0 |2 lcc |4 0 |6 T0011 O8 |7 0 |9 3632 |a HOL |b HOL |c QZ |d 2021-10-15 |l 0 |o T11. O8 |p 2021-67368 |r 2021-10-15 00:00:00 |w 2021-10-15 |y BK | ||
| 999 | |c 1800 |d 1800 | ||